| 000 | 00615nam a22001457a 4500 | ||
|---|---|---|---|
| 020 | _a1-870205-10-3 | ||
| 082 |
_a200 _bSUM/F |
||
| 100 | _aSUMEDHO, VENERABLE AJAHN | ||
| 245 | _aTHE FOUR NOBLE TRUTHS | ||
| 260 |
_aENGLAND _bAMARAVATI PUBLICATIONS _c1992 |
||
| 300 | _a71 | ||
| 520 | _aThey are the truth of suffering, the truth of the cause of suffering, the truth of the end of suffering, and the truth of the path that leads to the end of suffering. More simply put, suffering exists; it has a cause; it has an end; and it has a cause to bring about its end. | ||
| 650 |
_aRELIGIOUS _zUNITED KINGDOM |
||
| 942 | _cBK | ||
| 999 |
_c5086 _d5086 |
||